Statistics for Word Chain - Songs #3

Click here to take the quiz!

General Stats

  • This quiz has been taken 107 times
  • The average score is 11 of 24

Answer Stats

Artist Hint Song % Correct
AdeleThey could have had it allRolling In The Deep
74%
EurythmicsSome of them want to use youSweet Dreams
72%
Michael JacksonIs Annie okay?Smooth Criminal
70%
Britney SpearsToo high, can't come downToxic
70%
The BeatlesThey're describing their life beneath the wavesYellow Submarine
67%
Wham!He's remembering the time when he gave her his heartLast Christmas
67%
John Lennon"He's a dreamer."Imagine
65%
Elton JohnGoodbye Norma Jean or England's roseCandle in the Wind
63%
Robbie WilliamsHe's relying on the ones aboveAngels
58%
Taylor SwiftShe says she doesn't care care care care careShake It Off
55%
Toni BraxtonShe wants him to undo all the pain he's causedUn-Break My Heart
41%
(Key, Smith)The flag represents the land of the brave and freeStar Spangled Banner
41%
Bob DylanKnock knockKnocking On Heaven's Door
40%
QueenThis is all we hearRadio Ga Ga
40%
StingHe's a legal alienEnglishman in New York
36%
Marilyn MonroeA kiss may be grand but it won't pay the rentalDiamonds Are a Girl's Best Friend
36%
Bob MarleyEverything's gonna be alright!No Woman No Cry
29%
FalcoEr war populär & exaltiertRock me Amadeus
28%
AerosmithSing with me, for the years, for the laughter and tearsDream On
28%
MadonnaMmmmmm, love is a bird, she needs to flyFrozen
23%
Mariah CareyShe cares about him more than about traditionsAll I Want For Christmas Is You
23%
Jennifer LopezMove your body, rock your body, dance for your...Papi
17%
LoreenWhy, why can't this moment last forevermore?Euphoria
15%
Lily AllenOh, he treats her with respect but he sucks in bedNot Fair
15%

Score Distribution

Percentile by Number Answered

Percent of People with Each Score

Your Score History

You have not taken this quiz